LEADER 01582nam0 2200373 450 001 000033117 005 20121214101306.0 010 $a88-7814-472-X 100 $a20120531d2005----km-y0itaa50------ba 101 0 $aita 102 $aIT 200 1 $a<> tavola dei d'Angiò$eanalisi archeologica di una spazzatura reale, Castello di Lagopesole (1266-1315)$fRosa Fiorillo 210 $aFirenze$cAll'Insegna del Giglio$d2005 215 $a207 p.$cill.$d24 cm 225 2 $aMedioevo Scavato-Schola Salernitana$v1 300 $aIn testa al frontespizio: Università degli Studi di Salerno, Dipartimento di Latinità e Medioevo; Schola Salernitana 410 0$12001$aMedioevo Scavato-Schola Salernitana$v1 606 1 $aOggetti di scavo$xCastelli$yLagopesole $zSec. 13.-14. 676 $a738.309457$v(21. ed.)$9Terraglia e gres. Italia meridionale 676 $a945.771$v(22. ed.)$9Storia della Basilicata. Potenza 700 1$aFiorillo,$bRosa$0292097 801 0$aIT$bUniversità della Basilicata - B.I.A.$gREICAT$2unimarc 912 $a000033117 996 $aTavola dei d'Angiò$91529498 997 $aUNIBAS BAS $aLETTERE CAT $aTTM$b30$c20120531$lBAS01$h0955 CAT $aMDL$b00$c20121003$lBAS01$h1603 CAT $aSTD082$b01$c20121003$lBAS01$h1606 CAT $aSTD082$b01$c20121004$lBAS01$h1025 CAT $aATR$b20$c20121214$lBAS01$h1013 CAT $aATR$b01$c20121214$lBAS01$h1013 FMT Z30 -1$lBAS01$LBAS01$mBOOK$1BASA4$APolo di Matera$2DID$BDidattica$3MSR/L111225$6111225$5L111225$820121004$f04$FPrestabile Didattica